Normal view
MARC view
Entry Geographic Name
001 - CONTROL NUMBER
- control field: 267
003 - CONTROL NUMBER IDENTIFIER
- control field: ARRUPE
005 - DATE AND TIME OF LATEST TRANSACTION
- control field: 20130917131746.0
008 - FIXED-LENGTH DATA ELEMENTS
- fixed length control field: 130917|| aca||aabn | a|a d
040 ## - CATALOGING SOURCE
- Original cataloging agency: ARRUPE
- Transcribing agency: ARRUPE
151 ## - HEADING--GEOGRAPHIC NAME
- Geographic name: Zimbabwe
- General subdivision: History
- Chronological subdivision: Chimurenga War, 1966-1980
- Form subdivision: Personal narratives.
670 ## - SOURCE DATA FOUND
- Source citation: Work cat.: (ARRUPE)0: Women of resilience., c2000.